| 000 | 00409nam a22001937i 4500 | ||
|---|---|---|---|
| 001 | 7568 | ||
| 003 | OSt | ||
| 005 | 20170126082401.0 | ||
| 007 | tu | ||
| 008 | 161220s2003 xxu||||| |||| 00| 0 d | ||
| 024 | 7 |
_a7568 _2RID |
|
| 024 | 7 |
_a7568 _2RSN (alt) |
|
| 040 | _cOSt | ||
| 245 | 0 | 0 | _aBanking Supervision 2002 |
| 260 | _c2003 | ||
| 490 | _aBanking Supervision 2002 | ||
| 110 | 2 | _aBank of Albania | |
| 866 | 0 | _u2002 | |
| 942 | _cST | ||
| 999 |
_c6431 _d6431 |
||